[Event "EU-ch U10 24th"]
[Site "Batumi"]
[Date "2014.10.22"]
[Round "4"]
[White "Belkov, Nikolay"]
[Black "Gucaga, Augustas"]
[Result "1-0"]
[WhiteElo "1790"]
[BlackElo "1599"]
[PlyCount "85"]
[EventDate "2014.10.19"]
[EventType "swiss"]
[EventRounds "9"]
[EventCountry "GEO"]
[SourceTitle "EXT 2016"]
[Source "ChessBase"]
[SourceDate "2015.10.08"]
[SourceVersion "1"]
[SourceVersionDate "2015.10.08"]
[SourceQuality "1"]

1. d4 d5 2. c4 e6 3. Nc3 Nf6 4. Bg5 Be7 5. e3 Nbd7 6. Nf3 c6 7. cxd5 exd5 8. Bd3 Nh5 9. Bxe7 Qxe7 10. Qe2 Nb6 11. Ne5 Nf6 12. 0-0 Nfd7 13. f4 Nxe5 14. fxe5 0-0 15. Rf4 Be6 16. Bxh7+ Kxh7 17. Qh5+ Kg8 18. Rh4 f6 19. Rf1 f5 20. g4 Qd7 21. Qh7+ Kf7 22. gxf5 Ke8 23. fxe6 Rxf1+ 24. Kxf1 Qxe6 25. Qh8+ Kf7 26. Rf4+ Kg6 27. Qh4 Nc4 28. Qg3+ Kh7 29. b3 Nb6 30. Kg2 Nd7 31. Qh3+ Qxh3+ 32. Kxh3 Rf8 33. Rxf8 Nxf8 34. Kg4 Kg6 35. Ne2 Ne6 36. Nf4+ Nxf4 37. exf4 a5 38. f5+ Kf7 39. a3 b6 40. b4 axb4 41. axb4 Kg8 42. h4 Kf7 43. Kg5 1-0

[Event "EU-ch U10 24th"]
[Site "Batumi"]
[Date "2014.10.20"]
[Round "2"]
[White "Belkov, Nikolay"]
[Black "Temiz, Eren"]
[Result "0-1"]
[WhiteElo "1790"]
[BlackElo "1485"]
[PlyCount "90"]
[EventDate "2014.10.19"]
[EventType "swiss"]
[EventRounds "9"]
[EventCountry "GEO"]
[SourceTitle "EXT 2016"]
[Source "ChessBase"]
[SourceDate "2015.10.08"]
[SourceVersion "1"]
[SourceVersionDate "2015.10.08"]
[SourceQuality "1"]

1. d4 d5 2. c4 c6 3. Nf3 Nf6 4. Bg5 e6 5. Nc3 Be7 6. e3 Nbd7 7. cxd5 exd5 8. Bd3 0-0 9. 0-0 Re8 10. Qc2 h6 11. Bh4 Nh5 12. Bxe7 Qxe7 13. Rfe1 Ndf6 14. e4 dxe4 15. Nxe4 Nxe4 16. Rxe4 Be6 17. Bc4 Nf6 18. Re3 Nd5 19. Bxd5 cxd5 20. Rc1 Qd7 21. Ne5 Qd6 22. Qd2 Rac8 23. Rxc8 Rxc8 24. h3 Qc7 25. Rc3 Qd8 26. Rxc8 Qxc8 27. Qc3 Kf8 28. Kf1 Qxc3 29. bxc3 Ke7 30. Ke2 f6 31. Nd3 Kd6 32. Nc5 Bc8 33. Kd3 b6 34. Nb3 Ba6+ 35. Ke3 Bc4 36. g3 Ke6 37. Nc1 g5 38. Nd3 Bxa2 39. Nb4 Bc4 40. Nc6 a5 41. Nd8+ Ke7 42. Nc6+ Kd7 43. Ne5+ fxe5 44. dxe5 a4 45. Kd2 Ke6 0-1